Analysing monetary and fiscal policy regimes using deterministic and stochastic simulations

Gespeichert in:
Bibliographische Detailangaben
1. Verfasser: Barrell, Ray
Weitere Verfasser: Dury, Karen, Hurst, Ian
Format: Buch
Sprache:Englisch
Veröffentlicht: San Domenico (FI) European University Institute 1999
Schriftenreihe:EUI Working paper ECO No. 99/37
Schlagworte:
Tags: Tag hinzufügen
Keine Tags, Fügen Sie das erste Tag hinzu!

MARC

LEADER 00000nam a2200000 4500
001 c133094
005 20221108123538.3
041 0 |a eng 
044 |a IT 
245 1 0 |a Analysing monetary and fiscal policy regimes  |b using deterministic and stochastic simulations  |c Ray Barrell, Karen Dury and Ian Hurst 
264 1 |a San Domenico (FI)  |b European University Institute  |c 1999 
300 |a 31 s. 
490 1 |a EUI Working paper ECO  |v No. 99/37 
830 0 |a EUI Working paper ECO  |v No. 99/37 
610 2 0 |a politika fiškálna 
610 2 0 |a politika peňažná 
610 2 0 |a simulácia stochastická 
610 2 0 |a analýzy 
610 2 0 |a banky 
610 2 0 |a modely ekonomicko-matematické 
610 2 0 |a modelovanie ekonometrické 
100 1 |a Barrell, Ray 
700 1 |a Dury, Karen 
700 1 |a Hurst, Ian